| 000 | 00733nam a2200241 i 4500 | ||
|---|---|---|---|
| 001 | bg | ||
| 100 | 1 | _aStepowicz, Witold Jerzy. | |
| 245 | 1 | 0 |
_aMateriały i elementy elektroniczne / _cWitold J. Stepowicz, Krzysztof Górecki. |
| 260 |
_aGdynia : _bWydaw. Akademii Morskiej, _c2004. |
||
| 300 |
_a84 s. : _brys., wykr. ; _c24 cm. |
||
| 504 | _aBiblior. | ||
| 650 | 9 | _aUkłady elektroniczne | |
| 650 | 9 |
_aPółprzewodniki _xurządzenia |
|
| 655 | _aPodręczniki akademickie | ||
| 700 | 1 |
_aGórecki, Krzysztof _c(nauki techniczne) |
|
| 020 | _a837421015X | ||
| 040 | _cBPK | ||
| 041 | 0 | _apol | |
| 080 | _a621.382:621.315/.319](075.8) | ||
| 920 | _a83-7421-015-X | ||
| 942 | _cKS | ||
| 008 | s pl f |000 0 pol | ||
| 999 |
_c46706 _d46706 |
||
| 856 |
_uhttp://koha.tu.koszalin.pl/cgi-bin/koha/opac-detail.pl?biblionumber=46706 _yKatalog online BPK |
||